| 000 | 02169nam a2200409 i 4500 | ||
|---|---|---|---|
| 001 | 000044781 | ||
| 003 | DO-SdBNP | ||
| 005 | 20260129102410.0 | ||
| 007 | ta | ||
| 008 | 150109s2014 dr ab 000 0 spa d | ||
| 020 | _a9789945891478 | ||
| 040 |
_aDO-SdBNP _bspa _cBNPHU _erda |
||
| 041 | _aspa | ||
| 082 | 4 |
_a338.97293 _bM992p _222 |
|
| 100 | 1 |
_aMuto, Paul, _d1947- _eautor _4aut. _972798 |
|
| 245 | 1 | 3 |
_aLa promesa ilusoria : _bla República Dominicana y el proceso de desarrollo económico, 1900-1930 / _cPaul Muto ; presentación, Bernardo Vega ; tradución y cuidado de la edición, Rosario Flores Paz. |
| 250 | _aPrimera edición | ||
| 264 |
_aSanto Domingo : _bAcademia Dominicana de la Historia, _c2014. |
||
| 300 |
_a365 páginas : _bilustraciones, mapas ; _c23 cm. |
||
| 336 |
_atexto _btxt _2rdacontent |
||
| 337 |
_asin mediación _bn _2rdamedia |
||
| 338 |
_avolumen _bnc _2rdacarrier |
||
| 490 | 1 |
_aColección Academia Dominicana de la Historia ; _v119 |
|
| 500 | _aIncluye datos biográficos del autor en la solapa de la cubierta | ||
| 500 | _aIncluye referencias bibliográficas y notas al pie de las páginas | ||
| 500 | _aApéndice: Bibliografía reciente sobre el periodo de 1900-1930 | ||
| 504 | _aBibliografía : p. 321-338 | ||
| 505 | 0 |
_aAntecedentes históricos de la República Dominicana hasta 1930 -- _tEl desarrollo de la economía de la exportación dominicana -- _tLas importaciones y el impacto del cambio económico -- _tLos conceptos dominicanos del progreso -- _tLas élites y la remodelación de la sociedad -- _tEl campo y la ciudad -- _tLos Estados Unidos y el desarrollo dominicano -- _tCambios, contradicciones y oportunidades -- _tEl azúcar y las ilusiones de desarrollo económico -- |
|
| 590 | _aInventariado, 2018/BT | ||
| 650 | 4 |
_aDesarrollo económico _y1900-1930 _972799 |
|
| 651 | 4 |
_aRepública Dominicana _xCondiciones económicas _y1900-1930 _972800 |
|
| 651 | 4 |
_aRepública Dominicana _xCondiciones sociales _y1900-1930 _972801 |
|
| 700 | 1 |
_aFlores Paz, Rosario, _etraductor _4tr. _965366 |
|
| 700 | 1 |
_aVega, Bernardo, _d1938 - _epresentación _93222 |
|
| 910 | _aValidado. Control de calidad. MFF | ||
| 942 |
_2ddc _cLBS1 |
||
| 999 |
_c44270 _d44270 |
||